000 00708cab a2200217 4500
001 WB2811-29
008 090401t1992 xxu||||| |||| 00| 0 eng d
035 _a(Sirsi) u55751
041 _aeng
245 4 _aThe 25-year lease
260 _c1992
350 _a0
490 _aEstates Times
_v(1133) 6 March 1992, 10(1)
520 _aEditorial, backing the RICS and Reading University initiative to study the commercial land tenure system. Berates the 25-year lease structure, which is strangling the market in recession.
650 _a25-YEAR LEASES
650 _aLEASE REFORM
650 _aLEASE STRUCTURE
690 _aLANDLORD AND TENANT-BUSINESS TENANCIES
942 _n0
948 _c04/03/1997
999 _c34078
_d34078